Тест на общие знания №5 - Statistics

General Stats
  • This quiz has been taken 61 times
  • The average score is 9 of 20
Answer Stats
Вопрос Ответ % Correct
Что включает водитель, чтобы дать понять водителю позади, что собирается совершить поворот или перестроение? поворотник
96%
Если у мужчин это XY, то каким это будет у женщин? XX
78%
Зависимость от чего свойственна клептоману? воровство
70%
Назовите любое из четырёх таксономических царств живых организмов животные / растения / грибы / бактерии
70%
Кому посвящён памятник, расположенный напротив вокзала в Сибуе, Токио? Хатико
67%
Какой цветок у буддистов символизирует чистоту и просветление? лотос
67%
Сколько лет, согласно былине, лежал Илья Муромец на печи? 33
67%
Как во вселенной "Гарри Поттера" называют обычного человека, лишённого магических сил? магл
61%
Отчество, образованное от имени Лука? Лукич
50%
Какое изобретение XXI века было названо в честь датского короля Харальда I Синезубого, правившего в X веке? Bluetooth
50%
Какой персонаж Уильяма Шекспира известен тем, что задушил свою жену? Отелло
48%
Какой тон голоса находится между тенором и басом? баритон
41%
На каком гимнастическом снаряде можно выполнить упражнения "крест" и "самолёт"? кольца
39%
Какой персонаж любит взболтанный, но не смешанный виски? Джеймс Бонд
28%
Чьими детьми были Сим, Хам и Иафет? Ной
24%
Действия какого мультфильма Disney происходят в империи инков? "Похождения императора"
17%
Вариант английского языка какой страны иногда называют "Singlish"? Сингапур
17%
Какую страну местные жители называют "Aotearoa"? Новая Зеландия
11%
Какая древнегреческая мера длины равна 600 шагам Геракла? стадий
9%
О ком Егор Летов пел, что он "согреет нас доверчивой листвой и пропадёт"? трамвай
7%
No matching quizzes found
Score Distribution
Percent of People with Each Score
Percentile by Number Answered
Your Score History
You have not taken this quiz